|
|
|
|
| LEADER |
00694nam a22002052a 4500 |
| 001 |
000901298 |
| 003 |
CZ BrMZK |
| 005 |
20210726151654.0 |
| 007 |
ta |
| 008 |
080617s1946 xr ||||| |||||||||||cze d |
| 015 |
|
|
|a cnb000668802
|
| 040 |
|
|
|a BOA001
|b cze
|
| 245 |
0 |
0 |
|a Kalendář sokolských žáků a dorostenců na rok 1947 /
|c sestavili J. Pangrác a V. Scholz
|
| 260 |
|
|
|a Praha :
|b Nakladatelství Československé obce sokolské,
|c [1946]
|
| 300 |
|
|
|a 154 s.
|
| 700 |
1 |
|
|a Pangrác, Jiří,
|d 1902-1955
|7 jk01091656
|4 com
|
| 700 |
1 |
|
|a Scholz, V.
|4 com
|
| 910 |
|
|
|a BOA001
|b 1-0206.629
|
| 990 |
|
|
|a BK
|
| 996 |
7 |
|
|b 2619374007
|c 1-0206.629
|l MZK
|r Sklad / do 1 hodiny
|n 1
|w 001065404
|u 000010
|a 1
|e BOA001
|j MZK50
|s A
|